‘Who better to be training them?!’: Renewed Moments of Liberal Carceral Expansion and the Role of Higher Education
Higher education is consistently offered as a powerful tool of criminal justice reform. Often presumed to be progressive, it is imperative to interrogate the limits of these orientations. I draw from 41 (n = 41) semi-structured interviews with staff and faculty at 36 criminology departments across C...
| Autor principal: | |
|---|---|
| Tipo de documento: | Electrónico Artículo |
| Lenguaje: | Inglés |
| Publicado: |
2025
|
| En: |
The British journal of criminology
Año: 2025, Volumen: 65, Número: 6, Páginas: 1298-1314 |
| Acceso en línea: |
Volltext (kostenfrei) |
| Verificar disponibilidad: | HBZ Gateway |
| Palabras clave: |
MARC
| LEADER | 00000caa a22000002c 4500 | ||
|---|---|---|---|
| 001 | 1942591462 | ||
| 003 | DE-627 | ||
| 005 | 20260203135509.0 | ||
| 007 | cr uuu---uuuuu | ||
| 008 | 251126s2025 xx |||||o 00| ||eng c | ||
| 024 | 7 | |a 10.1093/bjc/azaf020 |2 doi | |
| 035 | |a (DE-627)1942591462 | ||
| 035 | |a (DE-599)KXP1942591462 | ||
| 040 | |a DE-627 |b ger |c DE-627 |e rda | ||
| 041 | |a eng | ||
| 084 | |a 2,1 |2 ssgn | ||
| 100 | 1 | |a Mokhtari, Mitra |e VerfasserIn |0 (DE-588)1388870304 |0 (DE-627)1951009886 |4 aut | |
| 109 | |a Mokhtari, Mitra | ||
| 245 | 1 | 0 | |a ‘Who better to be training them?!’: Renewed Moments of Liberal Carceral Expansion and the Role of Higher Education |
| 264 | 1 | |c 2025 | |
| 336 | |a Text |b txt |2 rdacontent | ||
| 337 | |a Computermedien |b c |2 rdamedia | ||
| 338 | |a Online-Ressource |b cr |2 rdacarrier | ||
| 520 | |a Higher education is consistently offered as a powerful tool of criminal justice reform. Often presumed to be progressive, it is imperative to interrogate the limits of these orientations. I draw from 41 (n = 41) semi-structured interviews with staff and faculty at 36 criminology departments across Canada to uncover how they understand the role of criminological undergraduate education within ongoing projects of CJS reform. Participants emphasize that change happens from within the system: filling the ranks with good apples who are armed with critical social science knowledges. I interrogate this approach to institutional change, focusing on the expansionist formations that carceral liberalism necessitates. I illustrate the limits of this current criminological imagination and offer opportunities for other possibilities grounded in a transformative framework. | ||
| 650 | 4 | |a progressive penalty | |
| 650 | 4 | |a Criminology | |
| 650 | 4 | |a Higher Education | |
| 650 | 4 | |a carceral logics | |
| 773 | 0 | 8 | |i Enthalten in |t The British journal of criminology |d Oxford : Oxford Univ. Press, 1960 |g 65(2025), 6, Seite 1298-1314 |h Online-Ressource |w (DE-627)271175559 |w (DE-600)1478955-3 |w (DE-576)079718906 |x 1464-3529 |7 nnas |
| 773 | 1 | 8 | |g volume:65 |g year:2025 |g number:6 |g pages:1298-1314 |
| 856 | |u https://academic.oup.com/bjc/advance-article-pdf/doi/10.1093/bjc/azaf020/62377730/azaf020.pdf |x unpaywall |z Vermutlich kostenfreier Zugang |h publisher [deprecated] | ||
| 856 | 4 | 0 | |u https://doi.org/10.1093/bjc/azaf020 |x Resolving-System |z kostenfrei |3 Volltext |7 0 |
| 951 | |a AR | ||
| ELC | |a 1 | ||
| LOK | |0 000 xxxxxcx a22 zn 4500 | ||
| LOK | |0 001 4814213670 | ||
| LOK | |0 003 DE-627 | ||
| LOK | |0 004 1942591462 | ||
| LOK | |0 005 20251126120459 | ||
| LOK | |0 008 251126||||||||||||||||ger||||||| | ||
| LOK | |0 040 |a DE-2619 |c DE-627 |d DE-2619 | ||
| LOK | |0 092 |o n | ||
| LOK | |0 852 |a DE-2619 | ||
| LOK | |0 852 1 |9 00 | ||
| LOK | |0 935 |a krzo | ||
| LOK | |0 939 |a 26-11-25 |b l01 | ||
| OAS | |a 1 | ||
| ORI | |a SA-MARC-krimdoka001.raw | ||
